000 00811cam a2200253 i 4500
001 j 66002307
003 DLC
005 20260227111521.0
008 990527s1953 ja a 000 0 jpn
010 _aj 66002307
035 _a(CStRLIN)DCLP99-B6437
040 _aDLC
_cDLC-R
_dDLC-R
_dDLC
043 _aa-ja---
050 0 0 _aPN2924.5.K9
_bY3
066 _c$1
100 1 _6880-01
_aYamamoto, Tōjirō,
_d1937-
245 1 0 _6880-02
_aAikyōgen no kenkyū /
_cYamamoto Tōjirō cho.
260 _6880-03
_aTōkyō :
_bWanʼya Shoten,
_cShōwa 28 [1953]
300 _a6, 122 p. :
_bill. ;
_c19 cm.
650 0 _aKyōgen.
880 1 _6100-01/$1
_a山本東次郎,
_d1937-
880 1 0 _6245-02/$1
_a間狂言の研究 /
_c山本東次郎著.
880 _6260-03/$1
_a東京 :
_bわんや書店,
_c昭和 28 [1953]
999 _c35107
_d35107